A TEXT BOOK OF AGADA TANTRA (Record no. 14444)

MARC details
000 -LEADER
fixed length control field 00332nam a22001457a 4500
003 - CONTROL NUMBER IDENTIFIER
control field SGT
020 ## - INTERNATIONAL STANDARD BOOK NUMBER
International Standard Book Number 81-86937-78-1
082 ## - DEWEY DECIMAL CLASSIFICATION NUMBER
Classification number 615.538
Item number A16N
100 ## - MAIN ENTRY--PERSONAL NAME
Personal name NAMBURI, U.R.SEKHER
245 ## - TITLE STATEMENT
Title A TEXT BOOK OF AGADA TANTRA
260 ## - PUBLICATION, DISTRIBUTION, ETC. (IMPRINT)
Place of publication, distribution, etc VARANASI
Name of publisher, distributor, etc CHAUKHAMBHA PUB
Year of Publication 2016
300 ## - PAGE DESCRIPTION
No. of Pages 324
650 ## - SUBJECT ADDED ENTRY--TOPICAL TERM
Topical term or geographic name as entry element AYURVEDA
942 ## - ADDED ENTRY ELEMENTS (KOHA)
Source of classification or shelving scheme Dewey Decimal Classification
Koha item type Books
942 ## - ADDED ENTRY ELEMENTS (KOHA)
-- 15
Holdings
Withdrawn status Lost status Source of classification or shelving scheme Damaged status Not for loan Collection code Home library Current library Shelving location Date acquired Vendor Name Cost, normal purchase price SGTU Bill Number Total Checkouts Full call number Accession No. (Barcode) Date last seen Date last borrowed Bill Date Koha item type Use restrictions
    Dewey Decimal Classification     AYURVEDA SGT FA-FP Library SGT FA-FP Library Text Book 10/01/2018 CHAUKHAMBHA PUB 295.00 SGTU CP/B/849 9 615.538 A16N FA7176 22/08/2024 22/08/2024 25/12/2017 Books  
    Dewey Decimal Classification     AYURVEDA SGT FA-FP Library SGT FA-FP Library Text Book 10/01/2018 CHAUKHAMBHA PUB 295.00 SGTU CP/B/849 1 615.538 A16N FA7177 20/12/2022 02/01/2019 25/12/2017 Books  
    Dewey Decimal Classification     AYURVEDA SGT FA-FP Library SGT FA-FP Library Text Book 10/01/2018 CHAUKHAMBHA PUB 295.00 SGTU CP/B/849 9 615.538 A16N FA7178 03/10/2025 03/10/2025 25/12/2017 Books  
    Dewey Decimal Classification     AYURVEDA SGT FA-FP Library SGT FA-FP Library Text Book 10/01/2018 CHAUKHAMBHA PUB 295.00 SGTU CP/B/849 11 615.538 A16N FA7179 15/09/2025 15/09/2025 25/12/2017 Books  
    Dewey Decimal Classification     AYURVEDA SGT FA-FP Library SGT FA-FP Library Reference Book 10/01/2018 CHAUKHAMBHA PUB 295.00 SGTU CP/B/849   615.538 A16N FA7180 10/01/2018   25/12/2017 Books Restricted Access